| 000 | 00899nam a2200277Ia 4500 | ||
|---|---|---|---|
| 003 | OSt | ||
| 005 | 20221007121954.0 | ||
| 006 | a|||||r|||| 00| 0 | ||
| 007 | ta | ||
| 008 | 221006b |||||||| |||| 00| 0 eng d | ||
| 020 |
_a3540222790 (hbd) _cRs.7854.38 |
||
| 024 | _a15096 | ||
| 037 |
_b015/05-06, 01/07/2005, N R Book Distributors _cTextual |
||
| 040 |
_aBDL _cBDL _beng |
||
| 041 |
_2eng _aeng |
||
| 082 | _aJ6(F:596), P5 Carb | ||
| 100 |
_aSeidemann Johannes _9579781 |
||
| 245 | 0 | _aWorld spice plants | |
| 260 |
_aBerlin _bSpringer-Verlag _c2005 |
||
| 300 |
_aviii, 591p. _ccm. |
||
| 500 | _aBibliographical references 407-504p.; Index 503-591p. | ||
| 650 |
_a Spice plants _9713227 |
||
| 650 | _aAgriculture | ||
| 942 |
_hJ6(F:596), P5 Carb _cTEXL _2CC |
||
| 999 |
_c1209619 _d1209619 |
||